Loading...
Question Papers Sept/Octo. [1973]: Final B.A.B.Sc., BCom., L.L.B., MSc., MCom., (previous) and BSc.E /
| Format: | Printed Book |
|---|---|
| Language: | English |
| Published: |
Calicut University :
Exam Section,
1973.
|
| Series: | v2
|
| LEADER | 00419nam a2200109Ia 4500 | ||
|---|---|---|---|
| 008 | 150624b xxu||||| |||| 00| 0 eng d | ||
| 245 | |a Question Papers Sept/Octo. [1973]: |b Final B.A.B.Sc., BCom., L.L.B., MSc., MCom., (previous) and BSc.E / | ||
| 260 | |a Calicut University : |b Exam Section, |c 1973. | ||
| 490 | |a v2 | ||
| 942 | |c BK | ||
| 999 | |c 9301 |d 9301 | ||
| 952 | |0 1 |1 0 |4 0 |7 0 |9 9300 |a UL |b UL |c ST1 |d 1998-09-01 |l 0 |p 14455 |r 2012-10-27 |w 2012-10-27 |y BK | ||